Từ một giấc mơ (Từ Hi Thái Hậu); T1

সংরক্ষণ করুন:
গ্রন্থ-পঞ্জীর বিবরন
প্রধান লেখক: Mộng Bình Sơn
বিন্যাস: গ্রন্থ
ভাষা:Undetermined
প্রকাশিত: Đồng Tháp Nxb. Đồng Tháp 1996
বিষয়গুলি:
ট্যাগগুলো: ট্যাগ যুক্ত করুন
কোনো ট্যাগ নেই, প্রথমজন হিসাবে ট্যাগ করুন!
Thư viện lưu trữ: Trung tâm Học liệu Trường Đại học Cần Thơ
LEADER 00510nam a2200169Ia 4500
001 CTU_27446
008 210402s9999 xx 000 0 und d
082 |a 895.13081 
082 |b S464/T1 
100 |a Mộng Bình Sơn 
245 0 |a Từ một giấc mơ (Từ Hi Thái Hậu); T1 
245 0 |c Mộng Bình Sơn 
260 |a Đồng Tháp 
260 |b Nxb. Đồng Tháp 
260 |c 1996 
650 |a chinese fiction 
980 |a Trung tâm Học liệu Trường Đại học Cần Thơ